Pesticides identification at the residue level (Record no. 30864)

MARC details
000 -LEADER
fixed length control field 00473nam a2200133Ia 4500
082 ## - DEWEY DECIMAL CLASSIFICATION NUMBER
Classification number 632.95(06)AME
Item number AME
245 #0 - TITLE STATEMENT
Title Pesticides identification at the residue level
260 ## - PUBLICATION, DISTRIBUTION, ETC. (IMPRINT)
Place of publication Washington
Name of publisher American Chemical Society
Year of publication 1971
490 ## - SERIES STATEMENT
Series statement Advances in chemistry; 104
505 ## - FORMATTED CONTENTS NOTE
Formatted contents note A symposium sponsored by the division of pesticide chemistry of the American Chemical Society
650 ## - SUBJECT ADDED ENTRY--TOPICAL TERM
Topical Term Pesticide residues
942 ## - ADDED ENTRY ELEMENTS (KOHA)
Koha item type Books
Holdings
Withdrawn status Lost status Damaged status Not for loan Home library Current library Date acquired Full call number Accession Number Koha item type
        RRII Library RRII Library 16/12/2021 632.95(06)AME AME 11423 Books